2022 FIFA World Cup - All Goalscorers - Statistics

General Stats
  • This quiz has been taken 177 times
  • The average score is 47 of 119
Answer Stats
Hint Answer % Correct
7 Goals Argentina Lionel Messi
100%
8 Goals France Kylian Mbappé
99%
2 Goals England Harry Kane
93%
2 Goals Brazil Neymar
91%
4 Goals France Olivier Giroud
91%
1 Goal Portugal Cristiano Ronaldo
88%
3 Goals Brazil Richarlison
88%
4 Goals Argentina Julián Álvarez
86%
3 Goals Ecuador Enner Valencia
80%
3 Goals England Bukayo Saka
78%
3 Goals Spain Álvaro Morata
76%
3 Goals Portugal Gonçalo Ramos
75%
2 Goals Portugal Bruno Fernandes
72%
3 Goals England Marcus Rashford
71%
1 Goal South Korea Kim Young-gwon
70%
2 Goals Poland Robert Lewandowski
69%
1 Goal Argentina Ángel Di María
68%
3 Goals Netherlands Cody Gakpo
67%
1 Goal Croatia Ivan Perišić
62%
1 Goal England Jude Bellingham
62%
1 Goal Netherlands Memphis Depay
60%
1 Goal England Phil Foden
60%
2 Goals Germany Kai Havertz
59%
1 Goal Wales Gareth Bale
58%
1 Goal England Raheem Sterling
58%
2 Goals Serbia Aleksandar Mitrović
57%
1 Goal Spain Gavi
57%
1 Goal | Own Goal Argentina Enzo Fernández
55%
2 Goals South Korea Cho Gue-sung
54%
2 Goals Iran Mehdi Taremi
54%
2 Goals Cameroon Vincent Aboubakar
54%
1 Goal Brazil Vinícius Júnior
54%
1 Goal Switzerland Xherdan Shaqiri
53%
1 Goal Canada Alphonso Davies
51%
2 Goals Germany Niclas Füllkrug
49%
2 Goals Netherlands Wout Weghorst
49%
1 Goal Argentina Alexis Mac Allister
48%
1 Goal USA Christian Pulisic
48%
2 Goals Croatia Andrej Kramarić
46%
1 Goal Netherlands Frenkie de Jong
46%
2 Goals Portugal Rafael Leão
46%
2 Goals Morocco Youssef En-Nesyri
46%
1 Goal Mexico Henry Martín
45%
1 Goal France Théo Hernandez
45%
1 Goal England Jack Grealish
44%
2 Goals Switzerland Breel Embolo
43%
2 Goals Spain Ferran Torres
43%
1 Goal Morocco Hakim Ziyech
43%
1 Goal France Randal Kolo Muani
43%
1 Goal Serbia Dušan Vlahović
41%
1 Goal Germany Serge Gnabry
41%
1 Goal Brazil Casemiro
40%
1 Goal Senegal Boulaye Dia
39%
1 Goal Argentina Nahuel Molina
39%
1 Goal Spain Dani Olmo
38%
1 Goal Portugal João Félix
38%
1 Goal France Adrien Rabiot
37%
1 Goal Ghana André Ayew
37%
1 Goal Portugal Pepe
37%
1 Goal Germany İlkay Gündoğan
36%
1 Goal England Jordan Henderson
36%
1 Goal Brazil Lucas Paquetá
36%
1 Goal USA Timothy Weah
36%
1 Goal France Aurélien Tchouaméni
35%
1 Goal Croatia Joško Gvardiol
35%
1 Goal Senegal Kalidou Koulibaly
34%
2 Goals Ghana Mohammed Kudus
34%
2 Goals Saudi Arabia Salem Al-Dawsari
33%
1 Goal Serbia Sergej Milinković-Savić
30%
1 Goal South Korea Paik Seung-ho
27%
1 Goal Croatia Bruno Petković
26%
1 Goal Netherlands Denzel Dumfries
25%
1 Goal South Korea Hwang Hee-chan
25%
1 Goal Ecuador Moisés Caicedo
25%
1 Goal Poland Piotr Zieliński
25%
1 Goal Belgium Michy Batshuayi
24%
1 Goal Croatia Mislav Oršić
24%
2 Goals Japan Ritsu Dōan
24%
1 Goal Cameroon Eric Maxim Choupo-Moting
23%
1 Goal Senegal Ismaïla Sarr
23%
1 Goal Netherlands Daley Blind
22%
1 Goal Spain Marco Asensio
22%
Own Goal Morocco Nayef Aguerd
22%
1 Goal Tunisia Wahbi Khazri
22%
1 Goal Mexico Luis Chávez
21%
1 Goal Denmark Andreas Christensen
20%
2 Goals Uruguay Giorgian de Arrascaeta
20%
1 Goal Switzerland Manuel Akanji
20%
1 Goal Morocco Romain Saïss
20%
1 Goal Portugal Raphaël Guerreiro
19%
1 Goal Australia Mathew Leckie
18%
1 Goal Croatia Lovro Majer
17%
1 Goal Japan Takuma Asano
16%
1 Goal Switzerland Remo Freuler
15%
1 Goal Spain Carlos Soler
14%
1 Goal Australia Craig Goodwin
14%
1 Goal Japan Daizen Maeda
14%
1 Goal Netherlands Davy Klaassen
14%
1 Goal USA Haji Wright
14%
1 Goal Qatar Mohammed Muntari
14%
1 Goal Ghana Mohammed Salisu
14%
1 Goal Costa Rica Keysher Fuller
13%
1 Goal Croatia Marko Livaja
12%
1 Goal Portugal Ricardo Horta
12%
1 Goal Costa Rica Yeltsin Tejeda
12%
1 Goal Morocco Achraf Dari
11%
1 Goal Japan Ao Tanaka
11%
1 Goal Costa Rica Juan Pablo Vargas
11%
1 Goal Australia Mitchell Duke
10%
1 Goal Senegal Bamba Dieng
9%
1 Goal Cameroon Jean-Charles Castelletto
9%
1 Goal Ghana Osman Bukari
9%
1 Goal Iran Rouzbeh Cheshmi
9%
1 Goal Serbia Strahinja Pavlović
9%
1 Goal Morocco Zakaria Aboukhlal
9%
1 Goal Senegal Famara Diédhiou
8%
1 Goal Saudi Arabia Saleh Al-Shehri
8%
1 Goal Iran Ramin Rezaeian
7%
No matching quizzes found
Score Distribution
Percent of People with Each Score
Percentile by Number Answered
Your Score History
You have not taken this quiz